header

Confronting space debris (Record no. 227924)

MARC details
000 -LEADER
fixed length control field 01501nam a2200325 a 4500
100 1# - MAIN ENTRY--AUTHOR NAME
Personal name Baiocchi, Dave.
245 10 - TITLE STATEMENT
Title Confronting space debris
260 ## - PUBLICATION, DISTRIBUTION, ETC. (IMPRINT)
Place of publication Santa Monica, Calif. :
Name of publisher RAND, National Defense Research Institute,
Year of publication 2010.
300 ## - PHYSICAL DESCRIPTION
Number of Pages xxvii, 127 p. :
Other physical details ill. (chiefly col.) cm.
500 ## - GENERAL NOTE
General note "Prepared for the Defense Advanced Research Projects Agency. Approved for public release; distribution unlimited."
650 #0 - SUBJECT ADDED ENTRY--TOPICAL TERM
Topical Term Space debris.
700 1# - ADDED ENTRY--PERSONAL NAME
Personal name Wesler, William,
856 40 - ELECTRONIC LOCATION AND ACCESS
Uniform Resource Identifier http://site.ebrary.com/lib/rucke/Doc?id=10453186

No items available.

© 2026 Rongo University
Contact us: librarian | system librarian | Rongo university